[Event "10th Norway Chess 2022"]
[White "Tari,Aryan"]
[Black "Carlsen,Magnus"]
[Site "Stavanger"]
[Round "7.1"]
[Annotator "TA"]
[Result "1/2-1/2"]
[Date "2022.06.07"]
[WhiteElo "2654"]
[BlackElo "2864"]
[PlyCount "65"]
[TimeControl "60"]

{[%evp 16,65,0,0,1,1,8,0,48,32,30,39,26,0,16,0,0,0,0,0,18,16,34,6,4,-7,-12,-5,-6,-7,-8,-4,-4,-8,-11,-8,0,0,0,0,0,0,0,0,0,0,0,0,0,0,0,0]} 1. e4 {[%emt 0:0:0]} e5 {[%emt 0:0:4]} 2. Nf3 {[%emt 0:0:16]} Nc6 {[%emt 0:0:6]} 3. Nc3 {[%emt 0:0:10]
} Nf6 {[%emt 0:0:10]} 4. d4 {[%emt 0:0:5]} exd4 {[%emt 0:0:0]} 5. Nxd4 {[%emt 0:0:7]} Bb4 {[%emt 0:0:13]} 6. Nxc6 {[%emt 0:0:11]} bxc6 {[%emt 0:0:7]} 7. Bd3 {[%emt 0:0:7]} d5 {[%emt 0:0:11]} 8. Bd2 {[%emt 0:0:31]
} O-O {[%emt 0:0:45]} 9. O-O {[%emt 0:0:39]} Rb8 {[%emt 0:0:0] C47: Scotch Four Knights and Four Knights with 4 g3.} 10. Re1 {[%emt 0:0:0]} Re8 {[%emt 0:24:20] 10...Bg4 is more fashionable.} 11. h3 {[%emt 0:1:40]
[#] Inhibits Bg4.} Be6 $146 {[%emt 0:11:30]} (11... dxe4 $11 12. Bxe4 Nxe4 13. Nxe4 Bf8 )({Predecessor:} 11... dxe4 12. Nxe4 Nxe4 13. Bxb4 Nxf2 14. Rxe8+ Qxe8 15. Qe1 Qxe1+ 16. Rxe1 Be6 17. Kxf2 Rxb4 {1-0 (52) Shahinyan,D (2460)
-Alaverdyan,G (2281) Yerevan 2021} )12. b3 $14 {[%emt 0:14:5]} Nd7 {[%emt 0:0:0]} 13. exd5 {[%emt 0:15:54]} cxd5 {[%emt 0:0:8]} 14. Qf3 {[%emt 0:4:13]
} Nc5 {[%emt 0:8:37]} 15. Re2 {[%emt 0:4:20]} c6 {[%emt 0:3:23]} 16. Rae1 {[%emt 0:9:0]
} g6 {[%emt 0:1:16]} 17. Nb1 {[%emt 0:8:54]} Bxd2 {[%emt 0:0:0]} 18. Nxd2 {[%emt 0:1:0]} Qg5 {[%emt 0:5:43]} 19. c3 {[%emt 0:6:8]} (19. g4 $5 {[%cal Rf3g3]} )Bd7 {[%emt 0:1:29] The position is equal.} 20. b4 {[%emt 0:2:48]} Rxe2 {[%emt 0:2:21]} 21. Rxe2 {[%emt 0:0:37]} Ne6 {[%emt 0:4:29][%cal Ya7a5]
} 22. g3 {[%emt 0:2:40]} Qd8 {[%emt 0:3:35]} 23. h4 {[%emt 0:1:38]} a5 {[%emt 0:0:24]} 24. a3 {[%emt 0:1:11]} axb4 {[%emt 0:0:0]} (24... Kg7 {keeps more tension.} 25. Re5 axb4 26. axb4 d4 )25. axb4 {[%emt 0:0:4]
} Ra8 {[%emt 0:0:34]} 26. Nb3 {[%emt 0:3:55]} Ra3 {[%emt 0:0:0]} 27. Bc2 {[%emt 0:0:23]} Kg7 {[%emt 0:3:6]} 28. Re3 {[%emt 0:2:5]} Qf6 {[%emt 0:2:20]} 29. Qd1 {[%emt 0:1:1]} h5 {[%emt 0:0:57]} 30. Rf3 {[%emt 0:0:0]} Qe5 {[%emt 0:0:12]} 31. Re3 {[%emt 0:0:39]} Qf6 {[%emt 0:0:2]} 32. Rf3 {[%emt 0:0:16]} Qe5 {[%emt 0:0:5]} 33. Re3 {[%emt 0:0:5] Weighted
Error Value: White=0.03 (flawless) /Black=0.04 (flawless)} 1/2-1/2

[Event "10th Norway Chess 2022"]
[White "Mamedyarov,Shakhriyar"]
[Black "Giri,Anish"]
[Site "Stavanger"]
[Round "7.2"]
[Annotator "TA"]
[Result "1-0"]
[Date "2022.06.07"]
[WhiteElo "2770"]
[BlackElo "2761"]
[PlyCount "133"]

{[%evp 19,133,45,100,3,4,18,18,21,8,13,16,9,11,12,18,17,36,33,32,33,29,33,32,14,14,25,11,19,35,26,44,35,54,45,105,42,53,33,36,18,18,19,24,0,0,0,22,23,22,0,24,0,0,0,0,0,0,0,0,0,0,0,0,0,0,0,0,0,0,0,0,0,0,0,0,0,0,0,0,0,0,0,75,79,87,86,111,120,143,132,131,102,87,77,122,29,203,130,113,60,958,1330,2197,1746,6829,11710,12842,12842,12844,12843,12844,12844,12845,12845,12850,12850]} 1. d4 {[%emt 0:0:12]
} Nf6 2. c4 g6 {[%emt 0:0:6]} 3. Nc3 {[%emt 0:0:7]} Bg7 {[%emt 0:0:3]
} 4. e4 {[%emt 0:0:5]} d6 {[%emt 0:0:4]} 5. Nf3 {[%emt 0:0:0]} O-O {[%emt 0:0:6]} 6. Be2 {[%emt 0:0:4]} e5 {[%emt 0:0:43]} 7. O-O {[%emt 0:0:4]
} exd4 {[%emt 0:0:23]} 8. Nxd4 {[%emt 0:0:4]} Re8 {[%emt 0:0:0]} 9. f3 {[%emt 0:0:19]} c6 {[%emt 0:0:2]} 10. Kh1 {[%emt 0:4:44]} d5 {[%emt 0:0:43]
 10...Nh5 is not played anymore.} (10... a5 $14 )11. exd5 {[%emt 0:4:2]
 White is more active. E94: King's Indian: Classical: 6 Be2 e5 7
0-0: Various Black 7th moves.} (11. cxd5 $16 cxd5 12. Bg5 )cxd5 $11 {[%emt 0:0:44]
} 12. Bg5 {[%emt 0:0:7]} Nc6 {[%emt 0:11:22]} 13. Nxc6 {[%emt 0:3:28]
 The position is equal.} bxc6 {[%emt 0:0:8]} 14. cxd5 {[%emt 0:0:0]} cxd5 {[%emt 0:1:26]} 15. Bb5 {[%emt 0:0:10] Threatens to win with
Bxf6.} Re6 {[%emt 0:8:37]} 16. Bc4 {[%emt 0:2:56][%cal Rc4d5]} Bb7 {[%emt 0:0:0]} 17. Bb3 {[%emt 0:1:3] [#]} Qa5 $146 {[%emt 0:6:9]} (17... Re5 {
feels hotter.} 18. Qd2 d4 19. Rad1 Qb6 )({Predecessor:} 17... Re5 18. Bf4 Rf5 19. Be3 Rh5 20. Ne2 Ba6 21. Re1 Rc8 22. Bxa7 Qc7 23. Bg1 Qb8 {1-0 (39) Duda,J 
(2760)-Chigaev,M (2632) Warsaw 2021} )18. Qd2 {[%emt 0:3:40]} Rae8 {[%emt 0:0:0][%cal Yd5d4] [#]} 19. Nxd5 $1 {[%emt 0:7:11]} Qxd2 {[%emt 0:0:45]} 20. Nxf6+ {[%emt 0:0:5]} Bxf6 {[%emt 0:1:47]} 21. Bxd2 {[%emt 0:0:5]} Re2 {[%emt 0:3:38]
} (21... Bxb2 $2 22. Rab1 Ba6 23. Bxe6 (23. Rxb2 Bxf1 24. Bxe6 Rxe6 $11 )Rxe6 24. Rfe1 (24. Rxb2 Bxf1 25. Kg1 Bc4 $11 )Rxe1+ 25. Rxe1 $18 )22. Bc3 {[%emt 0:6:12]} Bxc3 {[%emt 0:1:47]} 23. bxc3 {[%emt 0:0:0]} a5 {[%emt 0:5:9]} 24. Kg1 {[%emt 0:3:12]} Bc8 {[%emt 0:15:19]} 25. Rf2 {[%emt 0:5:55]} Re1+ {[%emt 0:8:42]} 26. Rxe1 {[%emt 0:1:50]} Rxe1+ $14 {[%emt 0:0:1]
 Endgame KRB-KRB} 27. Rf1 {[%emt 0:0:7]} Re2 {[%emt 0:0:2]
} 28. Rc1 {[%emt 0:6:41]} Be6 {[%emt 0:0:13]} 29. c4 {[%emt 0:0:0]} Rb2 {[%emt 0:1:20]} 30. Rc3 {[%emt 0:1:13] With the idea c5.} Kf8 {[%emt 0:2:11]
} 31. a3 {[%emt 0:6:26]} Ke7 {[%emt 0:3:39]} 32. Ba4 {[%emt 0:0:0]} Kd6 {[%emt 0:7:40]} 33. c5+ {[%emt 0:0:20]} Kc7 {[%emt 0:2:5]} 34. h3 {[%emt 0:8:22]} h5 {[%emt 0:0:21]} 35. Kh2 {[%emt 0:0:3]} h4 {[%emt 0:0:0]} 36. Re3 {[%emt 0:2:7]} Ra2 {[%emt 0:3:53]} 37. Bb5 {[%emt 0:4:42]} Rc2 {[%emt 0:1:8]} 38. Re5 {[%emt 0:0:25]} Rc3 {[%emt 0:2:41]} 39. a4 {[%emt 0:0:6]
} Rb3 {[%emt 0:0:9]} 40. Kg1 {[%emt 0:6:11]} Rc3 {[%emt 0:0:0]} 41. Kh2 {[%emt 0:2:15]} Rb3 {[%emt 0:0:7]} 42. Be8 {[%emt 0:0:24]} Kd8 {[%emt 0:0:8]} 43. Bc6 {[%emt 0:0:3]} Rb4 {[%emt 0:0:37]} 44. Bb5 {[%emt 0:1:20]
} Rd4 {[%emt 0:0:9]} 45. Kg1 {[%emt 0:0:56]} Kc7 {[%emt 0:0:0]} 46. Kf2 {[%emt 0:0:10]} Rb4 {[%emt 0:0:6]} 47. Re2 {[%emt 0:3:45]} Rb3 {[%emt 0:0:13]} 48. Rc2 {[%emt 0:3:51]} Ra3 {[%emt 0:0:8]} 49. Re2 {[%emt 0:3:32]
} Rc3 {[%emt 0:0:11]} 50. Re4 {[%emt 0:1:12]} Rxc5 {[%emt 0:0:0]} (50... Rc2+ $11 51. Kg1 Rxc5 )51. Rxh4 $16 {[%emt 0:0:8]} Rc2+ 52. Kg3 {[%emt 0:0:11]
} Kd6 {[%emt 0:0:2]} 53. Rh8 {[%emt 0:0:56]} Kc5 {[%emt 0:0:0]} 54. Rb8 {[%emt 0:0:4]} Rb2 {[%emt 0:0:4] [#]} 55. h4 $1 {[%emt 0:0:0]} Bd5 {[%emt 0:0:32] Prevents Rb7.} 56. Rf8 {[%emt 0:1:28]} Rb4 {[%emt 0:0:0] [#]} 57. Rc8+ {[%emt 0:0:35]} (57. Rd8 $1 $16 )Kb6 $2 {[%emt 0:0:0]} (57... Kd6 $11 )58. Rd8 {[%emt 0:0:7]} Kc5 {[%emt 0:0:3]} 59. Rd7 {[%emt 0:0:9]
} (59. Be8 $16 )Rxb5 $2 {[%emt 0:0:21]} (59... Bb3 $14 )60. axb5 $14 {[%emt 0:0:4][%cal Yb5b6] And now b6! would win. KR-KB.
White is clearly winning.} Bc4 {[%emt 0:0:12]} 61. Kf4 {[%emt 0:0:44]} a4 {[%emt 0:0:6]
} 62. g4 {[%emt 0:1:55][%cal Yg2g4,Yg4h5]} Bxb5 {[%emt 0:0:20]
} 63. Rxf7 {[%emt 0:1:57]} a3 {[%emt 0:0:1]} 64. Re7 {[%emt 0:0:0]} Bd3 {[%emt 0:0:16]} 65. Ra7 {[%emt 0:0:33]} Kb4 {[%emt 0:0:2]} 66. h5 {[%emt 0:0:18]} gxh5 {[%emt 0:0:1]} 67. gxh5 {[%emt 0:0:5] Weighted
Error Value: White=0.14 (very precise) /Black=0.16 (very precise)} 1-0

[Event "10th Norway Chess 2022"]
[White "Anand,Viswanathan"]
[Black "Radjabov,Teimour"]
[Site "Stavanger"]
[Round "7.2"]
[Annotator "TA"]
[Result "1-0"]
[Date "2022.06.07"]
[WhiteElo "2751"]
[BlackElo "2753"]
[PlyCount "49"]

{[%evp 12,49,25,20,30,18,31,24,22,31,30,7,1,13,6,0,32,3,26,37,39,37,33,25,44,17,17,-63,-33,-29,-9,0,231,230,217,191,186,215,654,412]} 1. e4 {[%emt 0:20:13]} e5 {[%emt 0:0:4]} 2. Nf3 Nc6 3. Bc4 Bc5 {[%emt 0:0:1]} 4. c3 {[%emt 0:0:0]} Nf6 {[%emt 0:0:1]} 5. d3 d6 {[%emt 0:0:11]} 6. Bg5 h6 7. Bh4 a5 {
C54: Giuoco Piano: 4 c3 Nf6, main lines with 5 d4 and 5 d3.} 8. Nbd2 Ba7 {[%emt 0:0:24]
} 9. O-O {[%emt 0:0:4]} g5 {[%emt 0:0:16] White has an edge.} 10. Bg3 {[%emt 0:0:4]} O-O 11. Re1 {[%emt 0:0:19]} Nh7 {[%emt 0:0:2]} 12. h3 {[%emt 0:0:2]} h5 {[%emt 0:0:2]} 13. d4 Qf6 {[%emt 0:0:4]} (13... g4 $5 {[%cal Rg4f3]} )14. Bb5 {[%emt 0:0:19]} h4 {[%emt 0:0:12]} 15. Bh2 {[%emt 0:0:7]
} g4 16. hxg4 {[%emt 0:0:30]} Bxg4 {[%emt 0:0:5]} 17. Bxc6 bxc6 {[%emt 0:0:9] [#]} 18. Qa4 $146 {[%emt 0:0:3]} ({Predecessor:} 18. dxe5 Qg7 19. Kf1 Qh6 20. Qa4 h3 21. g3 dxe5 22. Qc2 Qf6 {0-1 (22) Santos Ruiz,
M (2591)-Chen,Q (2432) Caleta 2020} )h3 {[%emt 0:0:26]} 19. Bg3 {[%emt 0:0:28]
} ({Avoid the trap} 19. dxe5 $2 Qg7 20. g3 dxe5 21. Qxc6 Rfd8 $19 )(19. Qxc6 $11 Rfc8 20. Bxe5 $1 (20. dxe5 Qg7 $17 )dxe5 21. Qxf6 Nxf6 22. Nxe5 )Qh6 $1 $15 {[%emt 0:0:33]} 20. gxh3 {[%emt 0:0:15]} Qxh3 {[%emt 0:0:8]
} (20... Bxh3 $5 {[%cal Rh3d7]} 21. Qxc6 Nf6 $14 )21. Re3 $1 {[%emt 0:0:10]
} Bd7 {[%emt 0:0:34] [#]} (21... Qh5 $11 {and Black is okay.} )22. Nxe5 $1 $18 {[%emt 0:0:18]} dxe5 {[%emt 0:0:20]} 23. Bxe5 {[%emt 0:0:6]
 Discovered Attack. Dancing on a razor blade.} Qh5 {[%emt 0:0:2]
 ...f6 is the strong threat.} 24. Rg3+ {[%emt 0:0:13]
White has strong compensation.} Bg4 $2 {[%emt 0:0:9]} (24... Ng5 )25. Qd1 {[%emt 0:0:30]
 Weighted Error Value: White=0.12 (very precise) /Black=0.54} 1-0

[Event "10th Norway Chess 2022"]
[White "Vachier-Lagrave,Maxime"]
[Black "So,Wesley"]
[Site "Stavanger"]
[Round "7.2"]
[Annotator "TA"]
[Result "1-0"]
[Date "2022.06.07"]
[WhiteElo "2750"]
[BlackElo "2766"]
[PlyCount "77"]

{[%evp 16,77,20,16,17,19,11,20,12,18,25,10,8,6,25,5,6,0,15,0,0,0,50,45,41,45,65,58,80,62,83,67,64,58,238,232,236,234,222,169,213,175,177,64,168,178,245,259,256,268,264,261,257,264,264,256,256,255,265,249,321,311,300,299]} 1. e4 e5 {[%emt 0:0:11]
} 2. Nf3 Nc6 {[%emt 0:0:6]} 3. Bb5 {[%emt 0:0:7]} Nf6 {[%emt 0:0:4]
} 4. O-O {[%emt 0:0:5][%cal Yh1f1,Yf1e1,Ye1e5]} Nxe4 {[%emt 0:0:4]
} 5. Re1 {[%emt 0:0:3]} Nd6 {[%emt 0:0:11]} 6. Nxe5 {[%emt 0:0:0]} Be7 {[%emt 0:0:6]} 7. Bf1 {[%emt 0:0:2]} Nxe5 {[%emt 0:0:6]} 8. Rxe5 {[%emt 0:0:2]} O-O {[%emt 0:0:5]} 9. d4 {[%emt 0:0:10]} Ne8 {[%emt 0:0:0] C67: Ruy Lopez: Berlin Defence: 4 0-0 Nxe4.} 10. c4 {[%emt 0:7:30]} Bf6 {[%emt 0:0:27]} 11. Re1 {[%emt 0:0:5]} d5 {[%emt 0:0:5] The position is
equal.} 12. cxd5 {[%emt 0:0:4]} Qxd5 {[%emt 0:0:3]} 13. Be3 {[%emt 0:0:6]
} Be6 {[%emt 0:0:4]} 14. Nc3 {[%emt 0:0:7]} Qd7 {[%emt 0:0:6]} 15. d5 {[%emt 0:8:28]
} Bf5 {[%emt 0:1:49] [#]} 16. Qb3 $146 {[%emt 0:15:37]} ({
Predecessor:} 16. h3 Nd6 17. Bd4 Bxd4 18. Qxd4 a6 19. a4 Rfe8 20. a5 Rxe1 21. Rxe1 Re8 22. Re3 Rxe3 23. Qxe3 {1-0 (95) Harikrishna,P (2729)-Aronian,L (2765)
Kolkata 2018} )Nd6 {[%emt 0:1:14]} 17. Rac1 {[%emt 0:4:6]} a6 {[%emt 0:12:18]
 Prevents Nb5.} 18. Na4 {[%emt 0:3:35][%cal Yc3a4,Ya4c5,Yc5b7,Yb7d6]} Ne4 {[%emt 0:7:22]} (18... b6 $11 )19. f3 $36 {[%emt 0:4:29]
 White fights for an advantage.} Nd6 {[%emt 0:14:32]} 20. Nc5 {[%emt 0:0:14][%csl Yb7,Yd7]
} Qc8 {[%emt 0:0:54]} 21. Bf4 $1 {[%emt 0:9:36][%cal Yc5a6]
} Rd8 {[%emt 0:25:48]} 22. Kh1 {[%emt 0:6:58] 0x0.
001e36935e4fdp-1022s more active pieces.} h6 {[%emt 0:8:51]} 23. Bxd6 {[%emt 0:11:25]
} Rxd6 {[%emt 0:0:6]} 24. Nxb7 {[%emt 0:0:6]} Rb6 {[%emt 0:0:0]} (24... Rd7 $1 $14 )25. Qxb6 $1 $18 {[%emt 0:0:16]} cxb6 {[%emt 0:0:0]} 26. Rxc8+ {[%emt 0:0:6]} Bxc8 {[%emt 0:0:2] This bishop pair is nice.} 27. Re8+ {[%emt 0:0:8]} Kh7 {[%emt 0:0:1]} 28. Nd6 {[%emt 0:0:25]} Bb7 {[%emt 0:0:4]
} 29. Bd3+ {[%emt 0:0:21]} g6 {[%emt 0:0:1]} 30. Be4 $1 {[%emt 0:0:50]
} (30. Rxa8 $6 Bxa8 31. Be4 (31. Bxa6 Bxb2 32. Nc4 Bd4 $14 )Kg8 $14 )Bxb2 {[%emt 0:6:52] [#]} (30... b5 {is a better defense.} 31. b3 Ba1 32. Rxa8 (32. Re7 Bxd5 33. Bxd5 Rd8 $16 )Bxa8 )31. Rxa8 $1 (31. Re7 Bxd5 32. Bxd5 Rd8 $14 )Bxa8 { Endgame [#] KBB-KBN} 32. Nc4 $1 {[%emt 0:0:3]} ({Inferior is} 32. Nxf7 Kg7 33. Nd8 Kf6 $14 )Bf6 {[%emt 0:4:41]
} 33. Nxb6 {[%emt 0:0:57]} Bb7 {[%emt 0:0:1][%cal Ya8b7,Yb7c8,Yc8e6]} 34. d6 {[%emt 0:1:16]} Bd8 {[%emt 0:1:10] Strongly
threatening ...Bxe4.} 35. Nd7 {[%emt 0:15:44]} (35. Bxb7 Bxb6 36. Bxa6 g5 $16 )Bc8 {[%emt 0:2:20]} 36. Nc5 {[%emt 0:0:10]} Be6 {[%emt 0:0:53]} 37. Bc6 {[%emt 0:0:20]} Kg7 {[%emt 0:3:27]} 38. Nb7 {[%emt 0:0:21]} ({Not} 38. Nxa6 Bxa2 39. f4 Bb6 $14 )Bf6 {[%emt 0:7:4]} 39. a4 {[%emt 0:2:0]
Weighted Error Value: White=0.03 (flawless) /Black=0.20 (precise)} ({But not} 39. d7 Bxa2 40. Kg1 Bh4 $18 )1-0

[Event "10th Norway Chess 2022"]
[White "Topalov,Veselin"]
[Black "Wang,Hao"]
[Site "Stavanger"]
[Round "7.2"]
[Annotator "TA"]
[Result "1/2-1/2"]
[Date "2022.06.07"]
[WhiteElo "2730"]
[BlackElo "2744"]
[PlyCount "163"]

{[%evp 12,163,0,10,20,12,22,1,14,13,7,16,20,5,10,0,30,8,6,0,0,7,18,14,14,14,22,22,25,-16,0,0,0,0,0,0,0,0,0,0,0,0,0,0,0,0,0,0,0,0,9,10,8,6,3,6,8,17,12,13,13,17,36,8,13,0,8,5,5,5,8,18,159,183,268,279,277,277,331,314,381,363,386,355,476,217,251,187,179,171,165,132,160,91,208,0,372,362,381,383,541,469,356,61,30,2,2,2,2,2,756,733,2214,2136,2101,1232,735,866,2031,1868,1780,1741,1591,1199,1884,1833,1338,1291,1201,1103,5097,5069,5077,5060,4942,3041,6370,6228,29972,29973,29973,29974,29974,1016,1002,937,914,824,800,0,0,0,0,0]} 1. e4 {[%emt 0:0:11]} c5 2. Nf3 Nc6 {[%emt 0:0:6]} 3. d4 {[%emt 0:0:7]} cxd4 {[%emt 0:0:3]} 4. Nxd4 {[%emt 0:0:4]} Nf6 {[%emt 0:0:6]} 5. Nc3 {[%emt 0:0:6]} e5 {[%emt 0:0:0]} 6. Nde2 {[%emt 0:0:8]} Bc5 $1 {[%emt 0:30:20] The main line 6...Bc5
scores better than 6...Bb4.} 7. Ng3 {[%emt 0:0:13]} d6 {[%emt 0:0:9] B33:
Sicilian: Pelikan and Sveshnikov Variations.} 8. Na4 {[%emt 0:0:10]} Bb4+ {[%emt 0:3:26]
} 9. c3 {[%emt 0:0:17]} Ba5 {[%emt 0:0:4]} 10. b4 {[%emt 0:0:0]} Bc7 {[%emt 0:0:7]} 11. Be2 {[%emt 0:0:7]} O-O {[%emt 0:7:4]} 12. O-O {[%emt 0:0:9]} a6 {[%emt 0:5:47] [#]} 13. Be3 $146 {[%emt 0:4:1]} ({
Predecessor:} 13. a3 b5 14. Nb2 Bb7 15. Bf3 h6 16. a4 Ne7 17. Qe2 d5 18. Rd1 Qc8 19. exd5 Nexd5 {0-1 (54) Chernyshov,K (2555)-Piscopo,P (2415) Pardubice
2009} )h6 {[%emt 0:8:2]} 14. h3 {[%emt 0:11:30]} Be6 {[%emt 0:4:50]} (14... b5 $5 15. Nb2 Ne7 $11 )15. Qc1 {[%emt 0:4:56]} b5 {[%emt 0:4:38]} 16. Nb2 {[%emt 0:0:6]} Bb6 {[%emt 0:0:4]} 17. a4 {[%emt 0:11:2]} Bxe3 {[%emt 0:8:57]
} 18. Qxe3 {[%emt 0:7:56]} Rb8 {[%emt 0:0:53]} 19. axb5 {[%emt 0:0:40]
} axb5 {[%emt 0:0:5]} 20. f4 {[%emt 0:11:33]} Qb6 {[%emt 0:0:0]} 21. Qxb6 {[%emt 0:10:34]} Rxb6 {[%emt 0:0:26]} 22. f5 {[%emt 0:0:19]} Bc8 {[%emt 0:0:5]} 23. Rfd1 {[%emt 0:0:13]} Rd8 {[%emt 0:0:45]} 24. Rd2 {[%emt 0:7:29]
} Bb7 {[%emt 0:4:37]} 25. Nd1 {[%emt 0:5:23]} Ne7 {[%emt 0:0:0]} 26. Bf3 {[%emt 0:4:21]} Rc8 {[%emt 0:1:40]} 27. Ra3 {[%emt 0:0:18]} d5 {[%emt 0:11:13]} 28. exd5 {[%emt 0:0:10]} Nexd5 {[%emt 0:0:5]} 29. Ra7 {[%emt 0:2:16]
} Bc6 {[%emt 0:0:26]} 30. Nh5 {[%emt 0:7:8]} Rbb8 {[%emt 0:0:0]} 31. Nxf6+ {[%emt 0:3:23]} Nxf6 {[%emt 0:0:10]} 32. Bxc6 {[%emt 0:0:11]} Rxc6 {[%emt 0:0:3]} 33. Re7 {[%emt 0:0:9]} e4 $1 {[%emt 0:0:13]} 34. Re5 {[%emt 0:2:43]
} h5 {[%emt 0:8:2]} 35. Kf2 {[%emt 0:0:14]} h4 {[%emt 0:0:2]
} 36. Ke3 {[%emt 0:1:8]} Rc4 {[%emt 0:0:6]} 37. Rd6 {[%emt 0:4:10]} Rc7 {[%emt 0:0:51]
} 38. Rc5 {[%emt 0:2:50]} Ra7 {[%emt 0:0:35]} 39. Rd2 {[%emt 0:0:0]} Ra1 {[%emt 0:0:35]} 40. Nf2 {[%emt 0:2:49]} Re1+ {[%emt 0:1:1]} 41. Re2 {[%emt 0:0:4]} Rg1 {[%emt 0:0:22]} ({Much less strong is} 41... Rxe2+ 42. Kxe2 Kf8 43. Ke3 $16 )(41... Rf1 $11 )42. Nxe4 $16 {[%emt 0:0:52]} Nxe4 {[%emt 0:0:15]
} (42... Nd7 {might work better.} )43. Kxe4 {[%emt 0:0:2] Endgame KRR-KRR} Re8+ {[%emt 0:0:9]} 44. Re5 {[%emt 0:0:21]} Rc8 {[%emt 0:0:2]
} 45. Kd3 {[%emt 0:1:22]} ({Less strong is} 45. Rxb5 Rxc3 46. Rb8+ Kh7 $16 )Rd8+ {[%emt 0:0:19]} 46. Kc2 {[%emt 0:0:5]} Ra8 {[%emt 0:0:13]
} 47. Kb2 {[%emt 0:0:48]} Rb8 {[%emt 0:0:13]} 48. Kb3 {[%emt 0:0:0]} (48. c4 $142 )f6 {[%emt 0:0:9]} 49. Rd5 {[%emt 0:1:4]} Rb1+ {[%emt 0:0:4]
} 50. Kc2 {[%emt 0:0:48]} Rg1 {[%emt 0:0:2]} 51. Kd3 {[%emt 0:0:0]} Rf1 {[%emt 0:0:18]} 52. Rd2 {[%emt 0:0:32]} (52. Rc5 $142 )Rf4 {[%emt 0:0:10]} (52... Rc1 $16 )53. Re2 $2 {[%emt 0:0:51]} (53. Ke3 $18 Rf1 54. Rd8+ Rxd8 55. Rxd8+ Kh7 56. Rd5 )Kh7 $2 {[%emt 0:0:10]} (53... Rf1 $1 $11 )54. Re4 $18 {[%emt 0:0:7]} Rxe4 {[%emt 0:0:5]} 55. Kxe4 {
KR-KR} Kh6 {[%emt 0:0:3]} (55... Kg8 {is a better defense.} 56. Kf3 Kh7 )56. Kf4 {[%emt 0:0:8]} Kh5 {[%emt 0:0:13]} 57. Rd7 $2 {[%emt 0:0:10] Prevents
Rb7.} (57. Rc5 $18 )Rc8 $14 {[%emt 0:0:4]} 58. Rxg7 {[%emt 0:0:34][%cal Rg7h7]
} Rc4+ {[%emt 0:0:4]} 59. Kf3 Rxc3+ {[%emt 0:0:2]} 60. Ke4 {[%emt 0:0:1]
} Rc2 $2 {[%emt 0:0:45]} (60... Rc4+ $11 61. Kd5 Rxb4 )61. Kd5 $1 $18 {[%emt 0:0:12]} Re2 {[%emt 0:0:2]} 62. Kc6 {[%emt 0:0:37]} Re5 {[%emt 0:0:4]} 63. Rd7 {[%emt 0:0:6]} Kg5 {[%emt 0:0:10]} 64. Rb7 {[%emt 0:0:14]
} Re2 {[%emt 0:0:24]} 65. Kxb5 {[%emt 0:0:5]} Kxf5 {[%emt 0:0:0]} 66. Rg7 $1 {[%emt 0:0:3]} Ke6 {[%emt 0:0:14]} 67. Kb6 {[%emt 0:0:0]} f5 {[%emt 0:0:5]} 68. b5 {[%emt 0:0:4]} Kf6 {[%emt 0:0:1]} 69. Rg8 {[%emt 0:0:8]
} Kf7 {[%emt 0:0:1]} 70. Rh8 {[%emt 0:0:10]} Rxg2 {[%emt 0:0:0]} 71. Rxh4 {[%emt 0:0:1]} Kf6 {[%emt 0:0:17]} 72. Rc4 {[%emt 0:0:10]
And now Kc6 would win.} Ke5 {[%emt 0:0:24]} 73. Kc6 {[%emt 0:0:10]} Rg6+ {[%emt 0:0:11]
} 74. Kc5 {[%emt 0:0:3] White wants to mate with b6.} f4 {[%emt 0:0:19]
} 75. b6 $1 {[%emt 0:0:1]} f3 {[%emt 0:0:3]} 76. b7 {[%emt 0:0:0]} Rg8 {[%emt 0:0:1]} 77. Kb6 {[%emt 0:0:15]} (77. Rb4 $142 Rb8 78. Kc6 f2 79. Rb1 Rh8 80. Kc7 Rh7+ 81. Kb6 Rh6+ 82. Ka7 )f2 {[%emt 0:0:5] [#]} 78. Rc1 $1 {[%emt 0:0:3] Hoping for Ka7.} ({Not} 78. Rc8 Rxc8 79. bxc8=Q f1=Q $11 )Ke4 {[%emt 0:0:22]} 79. Rf1 {[%emt 0:1:9]} Kf3 {[%emt 0:0:7] 
[#]} 80. Ka7 $2 {[%emt 0:0:13]} (80. h4 $1 $18 Rh8 81. h5 )Rg1 $1 $11 {[%emt 0:0:14]
} 81. Rxf2+ {[%emt 0:2:37]} Kxf2 {[%emt 0:0:4]} 82. b8=Q {[%emt 0:0:9]
 Weighted Error Value: White=0.26 (precise) /Black=0.33} 1/2-1/2

[Event "10th Norway Chess 2022"]
[White "Tari,Aryan"]
[Black "Carlsen,Magnus"]
[Site "Stavanger"]
[Round "7.2"]
[Annotator "TA"]
[Result "1-0"]
[Date "2022.06.07"]
[WhiteElo "2654"]
[BlackElo "2864"]
[PlyCount "73"]

{[%evp 9,73,74,63,61,75,68,58,50,64,76,96,0,39,0,0,-14,-8,-8,36,29,32,43,94,30,31,-14,-11,-29,55,43,20,26,16,13,43,40,66,33,50,38,102,92,83,70,125,102,122,99,137,102,96,94,156,135,194,190,164,67,132,128,29986,29987,29987,29988,29993,29994]} 1. e4 {[%emt 0:15:44]} b6 {[%emt 0:0:8]} 2. d4 {[%emt 0:0:6]} Bb7 3. Nc3 {[%emt 0:0:6]} d6 {[%emt 0:0:6]} 4. f4 {[%emt 0:0:9]} Nd7 {[%emt 0:0:4]
} 5. Nf3 {[%emt 0:0:1]} e6 {[%emt 0:0:12]} 6. Bd3 {[%emt 0:0:0] B00: Queen's Fianchetto Defence, Nimzowitsch Defence.} c5 {[%emt 0:0:26]} 7. O-O {[%emt 0:0:28]} cxd4 8. Nxd4 {[%cal Ye4e5] White is slightly better.} Ngf6 {[%emt 0:0:5]} 9. Qe2 {[%emt 0:0:9]} (9. f5 {keeps more tension.} e5 10. Ne6 fxe6 11. fxe6 Be7 12. exd7+ Qxd7 13. Bb5 )a6 {[%emt 0:0:4] [#]} 10. a4 {[%emt 0:0:2]} (10. e5 $1 $16 {[%cal Re5f6]} )Be7 {[%emt 0:0:0]} 11. Bd2 {[%emt 0:0:4]} O-O {[%emt 0:0:7]} 12. Kh1 {[%emt 0:0:2]} Nc5 {[%emt 0:0:3] [#]} 13. Rae1 $146 {[%emt 0:0:4]} ({Predecessor:} 13. b4 Nxd3 14. cxd3 Nd7 15. Rac1 Rc8 16. Qd1 Bf6 17. Nf3 g6 18. Qb3 Bg7 19. Be3 {1-0 (34)
Van der Wiel,J (2565)-Polugaevsky,L (2605) Antwerp 1993} )d5 {[%emt 0:0:0] White must now prevent ...dxe4.} 14. e5 {[%emt 0:0:7]} Nfe4 {[%emt 0:0:0]} 15. f5 {[%emt 0:0:37]} Bg5 {[%emt 0:1:50]} (15... Nxd2 $14 16. Qxd2 Kh8 )16. Bxg5 {[%emt 0:0:41]} ({Better is} 16. Bxe4 $16 dxe4 {[#]} 17. fxe6 $1 Qxd4 18. exf7+ Rxf7 19. Bxg5 )Qxg5 $11 {[%emt 0:0:1]} 17. Rf3 {[%emt 0:0:0]} exf5 {[%emt 0:0:20]} 18. Rxf5 {[%emt 0:1:2]} Qh6 {[%emt 0:0:13]} (18... Qe7 $11 )19. Rh5 {[%emt 0:0:16]} Qg6 {[%emt 0:0:7]} 20. Nf5 {[%emt 0:0:0]} Rae8 {[%emt 0:0:3] Prevents Ne7+.} 21. Bxe4 {[%emt 0:1:6]} dxe4 {[%emt 0:0:2]
} 22. Nd6 {[%emt 0:0:6]} Rxe5 {[%emt 0:0:3]} 23. Rxe5 {[%emt 0:0:6]
} Qxd6 {[%emt 0:0:1]} 24. Rf5 {[%emt 0:0:23]} g6 {[%emt 0:0:0]} (24... Qe6 $14 25. Rf2 f5 )25. Rd1 $16 {[%emt 0:0:20]} Qe6 {[%emt 0:0:0]} 26. Rff1 {[%emt 0:0:6]} Qe5 {[%emt 0:0:3]} ({Black should play} 26... Bc6 $14 )27. Qe3 {[%emt 0:0:6]} a5 {[%emt 0:0:37]} 28. Kg1 {[%emt 0:0:12]} Re8 {[%emt 0:0:14]} 29. Rf2 {[%emt 0:0:8]} f5 {[%emt 0:0:3]} 30. g3 {[%emt 0:0:10]
} Kg7 {[%emt 0:0:5]} ({Black should try} 30... Rf8 )31. Nb5 {[%emt 0:0:13]
 Strongly threatening Nd6.} Re7 {[%emt 0:0:8]} (31... Ba6 $16 {
might work better.} )32. b3 $18 {[%emt 0:0:3]} Ne6 {[%emt 0:0:7]} 33. Nd6 {[%emt 0:0:13]
} ({Wrong is} 33. Qxb6 $2 e3 34. Re2 Qe4 35. Qxe3 Qh1+ 36. Kf2 Qxd1 $19 )(33. Nd4 $18 )Ba6 {[%emt 0:0:13]} (33... Qc5 $1 $14 34. Qxc5 bxc5 )34. c4 {Rd5 is the strong threat. White is more active.} ({But not} 34. Qxb6 $2 e3 35. Qxa6 exf2+ 36. Kg2 Nc5 $19 )Nc5 $2 {[%emt 0:0:13] [#]} (34... Bb7 $16 )35. Nxf5+ $1 {[%emt 0:0:21] White mates.} gxf5 {[%emt 0:0:6]} (35... Qxf5 36. Rxf5 )36. Qg5+ Kh8 {[%emt 0:0:5]} 37. Rxf5 {[%emt 0:0:1] Weighted Error Value: White=0.14 (very precise) /Black=0.
47} 1-0